=LDR 00000nam 2200000 4500 =001 INLIS000000000050335 =005 20170428022143 =035 ##$$a 0010-0417000150 =007 ta =008 170428###########################0###### =020 ##$$a 978 - 602 - 98044 - 5 - 4 =082 ##$$a 610 =084 ##$$a 610 ONG s =100 #$$a Onggo. Ita Puspito Tri =245 1#$$a Sembilan puluh dua pengobatan mandiri di rumah anda /$c Ira Puspito Tri Onggo =250 ##$$a Cet.1 =260 ##$$a Yogyakarta :$b Bangkit,$c 2015 =300 ##$$a viii, 240 hlm : $b Ilus ; $c 23 cm =650 ##$$a PENGOBATAN =990 ##$$a 75777577 =990 ##$$a 75777577 =990 ##$$a 31700329 =990 ##$$a 02201707577 =990 ##$$a 31700330 =990 ##$$a 31700329